| 000 | 00390 a2200145 4500 | ||
|---|---|---|---|
| 020 | _a9789706418104 | ||
| 020 | _a9706418105 | ||
| 041 | _aspa | ||
| 100 | _aCastany Prado, Bernat. | ||
| 245 | _aPiedras de carne / Bernat Castany Prado. | ||
| 260 | _aMexico, D.F. : Editorial Progreso, 2007. | ||
| 300 |
_a160 pages : illustrations ; _c22 cm. |
||
| 440 | _aPiel de gallina, 6 | ||
| 942 | _cBK | ||
| 999 |
_c7772 _d7772 |
||